000 00232nam a2200097Ia 4500
001 687149
005 20250826161550.0
008 250824s9999 xx 000 0 und d
245 0 _aVİCTORİA
_cKNUT HAMSUN
260 _bTİMAŞ YAYINLARI
999 _c687149
_d687149